Eurovision 2024 Songs by First Line - Statistics

General Stats
  • This quiz has been taken 262 times
  • The average score is 19 of 37
Answer Stats
Hint Answer % Correct
Ay, I'm a big boy now Croatia
93%
Welcome to the show, let everybody know Switzerland
91%
Mon amour France
88%
Ya sé que soy solo una zorra Spain
86%
Europe, let's come together Netherlands
82%
Πόνος μη μας έρθει μακάρι Greece
74%
Джере-джере-джерело пробива собі шлях Ukraine
71%
Avada Kedavra, I speak to destroy Ireland
70%
I feel it coming Iceland
65%
Quanti disegni ho fatto Italy
64%
Waking up in the morning, and I'm, I'm feeling like ooh-la-la Cyprus
63%
Eg var meg så ven og fager ei møy Norway
62%
Me pole narkomaandi pole midagi teind Estonia
61%
T'as plus vingt ans, t'as plus le temps Luxembourg
60%
Իա լալիալի իա լալիալի լա Armenia
57%
I see it in the air, I see it in the air Georgia
55%
She comes alive at night Sweden
50%
Ice running through my veins Austria
49%
Ouvi, senti o corpo a carregar Portugal
44%
Tengo roto el corazón San Marino
44%
I stand in the eye of the spiral Australia
40%
Silence, I say! Finland
39%
I am nothin' but the average Germany
39%
Writer of my symphony, play with me Israel
38%
Skrila sem se v reko in odšla v tiho noč Slovenia
37%
Diena viena ir vėl kita Lithuania
36%
Your sorry means nothing when everything else Czechia
35%
Don't you know that you got me Malta
35%
Nemam, Nemam, Nemam ja Serbia
32%
Looking for a miracle Poland
31%
All we chase is shining in the moonlight Belgium
30%
Yesterday is eating up my mind Denmark
27%
There's a place where we break the line United Kingdom
26%
I lived a life standing on my own Azerbaijan
21%
Listen your voice inside your heart Moldova
21%
Don't look now Latvia
19%
We stand eye to eye Albania
18%
No matching quizzes found
Score Distribution
Percent of People with Each Score
Percentile by Number Answered
Your Score History
You have not taken this quiz